000 00672nam a2200193Ia 4500
003 GCL
008 140319s9999 xx 000 0 ara d
040 _aGCL /
_cGCL
082 0 4 _a364.2
_bع ظ
100 1 _aعبدالحميد الشواربى
_vPurified
_@
…هذب
245 1 0 _aظروف الجريمة المشددة والمخففة للعقاب /
_cعبدالحميد الشواربى
260 _a[S.N] :
_bمنشاة المعارف الاسلامية ،
_c1985
300 _a222 ص
490 _aالكتب القانونية
_v0
650 0 4 _aالقانون الجنائى
650 0 4 _aالقانون
650 0 4 _aالجريمة
942 _2ddc
_cBK
999 _c44750
_d44750